Biological nomenclature /

محفوظ في:

المؤلف الرئيسي: Jeffrey, Charles.

مؤلف مشترك: Systematics Association.

التنسيق: كتاب

اللغة: English

منشور في: London : Edward Arnold, 1977.

الطبعة: 2nd ed.

الموضوعات:

الوسوم: إضافة وسم

لا توجد وسوم, كن أول من يضع وسما على هذه التسجيلة!

رقم الطلب: QH83 .J43 1977

LEADER 00639nam a22002297a 4500
003 OSt
005 20251117085638.0
008 251117t1977 enk b 00110 eng d
020 |a 0713126140 
040 |c ARCE Library 
050 1 4 |a QH83  |b .J43 1977 
100 1 |a Jeffrey, Charles. 
245 1 0 |a Biological nomenclature /   |c [by Charles Jeffrey]. 
250 |a 2nd ed. 
264 1 |a London :   |b Edward Arnold,   |c 1977. 
300 |a viii, 72 p. ;   |c 24 cm. 
504 |a Bibliography: p. [53]-54 and index. 
650 0 |a Biology -- Nomenclature. 
710 2 |a Systematics Association. 
901 |a reviewed 
942 |2 lcc  |c BK 
999 |c 47418  |d 47418